01241cam a22002891 450000100060000000300080000600500170001400800390003103500190007003500180008904000280010704100080013508200220014324502030016526000810036830000350044949000550048450400290053965000320056865000260060083000090062670000400063570000400067571000810071571001020079683000530089812395BD-RjUL20211208235302.0140128s1963 dcua b 100 0 eng a(BD-RjUL)12444 a(OCoLC)185365 aDLCcOClWdBD-RjULbeng aeng00a631.522bSTA 196300aStatistical genetics and plant breeding :ba symposium and workshop /csponsored by the Committee on Plant Breeding and Genetics of the Agricultural Board. Edited by W. D. Hanson and H. F. Robinson. aWashington :bNational Academy of Sciences-National Research Council,c1963. axv, 623 p. :billus. ;c25 cm.1 aNational Research Council (U.S.). Publicationv982 aIncludes bibliographies. 0aPlant breedingvCongresses. 0aGeneticsvCongresses. 0v982.1 aHanson, Warren Durward,d1921-eed.1 aRobinson, Harold Frank,d1918-eed.2 aNational Research Council (U.S.).bCommittee on Plant Breeding and Genetics.2 aUniversity of North Carolina (1793-1962).bState College of Agriculture and Engineering, Raleigh. 0aPublication (National Research Council (U.S.)) ;